WWE - Champion des Etats-Unis - Statistiques

Statistiques générales
  • Ce quiz a été pris 1 308 fois
    539 depuis la dernière actualisation
  • Le résultat moyen est 11 sur 20
Statistiques - réponses
Date Réponse % Correct
10 octobre 2022 - 26 novembre 2022 Seth Rollins
78%
4 novembre 2023 - 3 aout 2024 Logan Paul
74%
Depuis le 3 aout 2024 LA Knight
73%
19 mai 2019 - 3 juin 2019 Rey Mysterio
72%
25 novembre 2019 - 26 décembre 2019 Rey Mysterio
72%
11 aout 2023 - 4 novembre 2023 Rey Mysterio
72%
18 avril 2022 - 2 juillet 2022 Austin Theory
69%
26 novembre 2022 - 11 aout 2023 Austin Theory
69%
30 aout 2020 - 21 février 2021 Bobby Lashley
66%
2 juillet 2022 - 10 octobre 2022 Bobby Lashley
66%
14 juillet 2019 - 25 novembre 2019 AJ Styles
60%
11 avril 2021 - 22 août 2021 Sheamus
53%
28 février 2022 - 18 avril 2022 Finn Balor
52%
22 août 2021 - 28 février 2022 Damian Priest
47%
23 juin 2019 - 14 juillet 2019 Ricochet
42%
5 mars 2019 - 19 mai 2019 Samoa Joe
38%
3 juin 2019 - 23 juin 2019 Samoa Joe
38%
26 décembre 2019 - 25 mai 2020 Andrade
33%
21 février 2021 - 11 avril 2021 Riddle
32%
25 mai 2020 - 30 août 2020 Apollo Crews
29%
Aucun quiz correspondant
Distribution des résultats
% des personnes avec chaque résultat
Percentile par nombre de réponses
Votre historique - résultats
Vous n’avez pas pris ce quiz depuis la dernière actualisation